| 000 | 00651nam a2200217Ia 4500 | ||
|---|---|---|---|
| 003 | OSt | ||
| 005 | 20230525122659.0 | ||
| 008 | 210423s1998 xx 000 0 und d | ||
| 020 | _a0-471-98255-5 | ||
| 040 | _cAL | ||
| 041 | _aeng | ||
| 082 |
_a660.6028 _223 _b DOYC |
||
| 100 |
_aDOYLE (Alan);GRIFFITHS (J Bryan) _9113768 |
||
| 245 | _aCell and tissue culture: laboratory procedures in biotechnology | ||
| 260 |
_aChichester _bJohn Wiley & Sons _c1998 |
||
| 300 |
_axx,332 _bPB |
||
| 365 |
_b16353.11 _cUSD |
||
| 650 |
_aBiotechnology _9113769 |
||
| 906 | _abiotechnology ; Cell ; culture: ; laboratory ; procedures ; tissue | ||
| 942 |
_2ddc _cBK |
||
| 999 |
_c167321 _d167321 |
||